| 000 | 00000nam##2200000za#4500 |
| 001 | 9.693629 |
| 003 | CaOODSP |
| 005 | 20210624233743 |
| 007 | cr ||||||||||| |
| 008 | 150407|2001||||xxc|||||o f|0| 0 eng|d |
| 040 | |aCaOODSP|beng |
| 043 | |an-cn--- |
| 086 | 1 |aBT23-2/10-2001E-PDF |
| 110 | 1 |aCanada. |bTreasury Board. |
| 245 | 10|aOfficial Languages Act : |h[electronic resource]|bannotated version |
| 260 | |bTreasury Board of Canada Secretariat |c2001. |
| 300 | |a76p. |
| 500 | |aThe catalogue number (BT23-2/10-2001) and ISBN (0-662-65961-9) for the bilingual print edition have been incorrectly copied in this electronic publication. |
| 520 | 3 |aThis text of the current (1988) Act includes annotations on implementing the Official Languages Program in federal institutions. Explanatory notes cover language requirements for: Parliament; documents and texts issued by federal institutions, federal courts and civil proceedings; service to the public; media communications; and employment opportunities and the workplace. There is also discussion of the role of the Treasury Board and the Commissioner of Official Languages in implementing the Act. |
| 590 | |a10-07-Supp|b2010-09-08 |
| 690 | 07|aLegislation|2gcpds |
| 690 | 07|aOfficial languages|2gcpds |
| 775 | 08|tLoi sur les langues officielles : |w(CaOODSP)9.637804 |
| 776 | 0#|tOfficial Languages Act: annotated version |w(CaOODSP)9.663057 |
| 776 | 0#|tLoi sur les langues officielles: version annotée |w(CaOODSP)9.663058 |
| 856 | 40|ahttp://publications.gc.ca|qPDF|s442 KB|uhttps://publications.gc.ca/collections/Collection/BT23-2-10-2001E.pdf |